Statistics for RB Leipzig 2020's Starting XI

Click here to take the quiz!

General Stats

  • This quiz has been taken 1,204 times
    (5 since last reset)
  • The average score is 20 of 30

Answer Stats

Player% Correct
Péter Gulácsi
100%
Willi Orban
100%
Amadou Haidara
80%
André Silva
80%
Benjamin Šeško
80%
Castello Lukeba
80%
David Raum
80%
Emil Forsberg
80%
Joško Gvardiol
80%
Konrad Laimer
80%
Loïs Openda
80%
Benjamin Henrichs
60%
Christopher Nkunku
60%
Dani Olmo
60%
Dayot Upamecano
60%
Dominik Szoboszlai
60%
Janis Blaswich
60%
Kevin Kampl
60%
Lukas Klostermann
60%
Marcel Halstenberg
60%
Marcel Sabitzer
60%
Mohamed Simakan
60%
Nordi Mukiele
60%
Timo Werner
60%
Timo Werner
60%
Xaver Schlager
60%
Xavi Simons
60%
Angeliño
40%
Diego Demme
40%
Yussuf Poulsen
40%

Score Distribution

Percentile by Number Answered

Percent of People with Each Score

Your Score History

You have not taken this quiz since the last reset